| 000 | 00720nam a2200253Ia 4500 | ||
|---|---|---|---|
| 003 | OSt | ||
| 005 | 20250217162655.0 | ||
| 008 | 210423s2009 xx 000 0 und d | ||
| 020 | _a100070080488 | ||
| 040 | _cAL | ||
| 041 | _aeng | ||
| 082 |
_a332 _223 _b BHOF |
||
| 100 |
_aBhole L M _984429 |
||
| 245 | _aFinancial institutions and markets: structure growth and innovations | ||
| 250 | _a5 | ||
| 260 |
_aNew Delhi _bTata McGraw-hill _c2009 |
||
| 300 | _axxvi,999 | ||
| 365 |
_b385 _cINR |
||
| 650 |
_aEconomics _984430 |
||
| 650 |
_aFinancial Economics _984431 |
||
| 700 |
_aMahakud, Jitendra _9200414 |
||
| 906 | _aFinancial ; growth ; innovations ; institutions ; markets: ; structure | ||
| 942 |
_2ddc _cBK |
||
| 999 |
_c157011 _d157011 |
||